Statistics for China Geography Trivia

Click here to take the quiz!

General Stats

  • This quiz has been taken 111 times
  • The average score is 13 of 20

Answer Stats

QuestionAnswer% Correct
Former English name for BeijingPeking
97%
De facto independent region in the west annexed by China in 1950Tibet
95%
Longest river in ChinaYangtze River
86%
Number of countries that border China14
84%
Former Portuguese colony that is now the gambling resort with a gaming industry seven times that of Las VegasMacau
82%
Number of time zones in China1
79%
World's third largest desertGobi
78%
Former Chinese capital and scene of infamous massacre at the hands of the Imperial Japanese army in 1937Nanjing
74%
Island province that lends its name to one of China's national airlinesHainan
71%
Chinese city with more Rolls Royce per capita than any other world cityHong Kong
67%
China's largest autonomous region and home to the Uyghur peopleXinjiang
66%
Scene of the 1989 massacre known as "June Forth Incident"Tiananmen Square
65%
Second highest mountain in ChinaK2
62%
Region in North-East China which encompasses Heilongjian, Jilin, Liaoning and parts of Inner MongoliaManchuria
61%
Large city in that region famous for its annual Ice FestivalHarbin
57%
Southern province which borders Laos and Myanmar and is popular amongst backpackersYunnan
51%
City that is home to China's most exported beerQingdao
45%
On the Yangtze river, this is the world's largest hydro-electric power sourceThree Gorges Dam
45%
Province formlerly part of Sichuan famous for the spicy chicken dish "Laziji"Chongqing
34%
Delta that surpassed Tokyo in 2015 to become the world's largest urban areaPearl River Delta
33%

Score Distribution

Percentile by Number Answered

Percent of People with Each Score

Your Score History

You have not taken this quiz